<?xml version="1.0" encoding="UTF-8"?>
<record
    xmlns:xsi="http://www.w3.org/2001/XMLSchema-instance"
    xsi:schemaLocation="http://www.loc.gov/MARC21/slim http://www.loc.gov/standards/marcxml/schema/MARC21slim.xsd"
    xmlns="http://www.loc.gov/MARC21/slim">

  <leader>00884nam a22002417a 4500</leader>
  <datafield tag="999" ind1=" " ind2=" ">
    <subfield code="c">64823</subfield>
    <subfield code="d">64823</subfield>
  </datafield>
  <controlfield tag="005">20240530110753.0</controlfield>
  <controlfield tag="008">181218s2018    ua ah  g      00| 0dara d</controlfield>
  <datafield tag="017" ind1=" " ind2=" ">
    <subfield code="a">2017/13784</subfield>
    <subfield code="b">&#x645;&#x635;&#x631;. &#x62F;&#x627;&#x631; &#x627;&#x644;&#x643;&#x62A;&#x628;</subfield>
  </datafield>
  <datafield tag="020" ind1=" " ind2=" ">
    <subfield code="a">9789777951302</subfield>
  </datafield>
  <datafield tag="040" ind1=" " ind2=" ">
    <subfield code="a">EG-CaGPL</subfield>
    <subfield code="c">EG-CaGPL</subfield>
  </datafield>
  <datafield tag="082" ind1="0" ind2="4">
    <subfield code="2">21</subfield>
    <subfield code="a">158.1 /</subfield>
    <subfield code="b">&#x634; &#x625;</subfield>
  </datafield>
  <datafield tag="100" ind1="0" ind2=" ">
    <subfield code="a">&#x634;&#x631;&#x64A;&#x641; &#x639;&#x631;&#x641;&#x629;</subfield>
  </datafield>
  <datafield tag="245" ind1="1" ind2="0">
    <subfield code="a">&#x627;&#x646;&#x633;&#x627;&#x646; &#x628;&#x639;&#x62F; &#x627;&#x644;&#x62A;&#x62D;&#x62F;&#x64A;&#x62B; : </subfield>
    <subfield code="b">&#x62F;&#x644;&#x64A;&#x644;&#x643; &#x627;&#x644;&#x639;&#x644;&#x645;&#x649; &#x644;&#x644;&#x627;&#x631;&#x62A;&#x642;&#x627;&#x621; &#x627;&#x644;&#x646;&#x641;&#x633;&#x649; /</subfield>
    <subfield code="c">&#x634;&#x631;&#x64A;&#x641; &#x639;&#x631;&#x641;&#x629;</subfield>
  </datafield>
  <datafield tag="250" ind1=" " ind2=" ">
    <subfield code="a">&#x637;.6</subfield>
  </datafield>
  <datafield tag="260" ind1=" " ind2=" ">
    <subfield code="a">&#x627;&#x644;&#x642;&#x627;&#x647;&#x631;&#x629; : </subfield>
    <subfield code="b">&#x627;&#x644;&#x62F;&#x627;&#x631; &#x627;&#x644;&#x645;&#x635;&#x631;&#x64A;&#x629; &#x627;&#x644;&#x644;&#x628;&#x646;&#x627;&#x646;&#x64A;&#x629; &#x60C;</subfield>
    <subfield code="c">2018.</subfield>
  </datafield>
  <datafield tag="300" ind1=" " ind2=" ">
    <subfield code="a">421 &#x635;. :</subfield>
    <subfield code="b">&#x627;&#x64A;&#x636; &#x61B;</subfield>
    <subfield code="c">19 &#x633;&#x645;.</subfield>
  </datafield>
  <datafield tag="650" ind1="0" ind2="7">
    <subfield code="2">qrmak</subfield>
    <subfield code="a">&#x639;&#x644;&#x645; &#x627;&#x644;&#x646;&#x641;&#x633; &#x627;&#x644;&#x62A;&#x637;&#x628;&#x64A;&#x642;&#x649;</subfield>
  </datafield>
  <datafield tag="650" ind1="0" ind2="7">
    <subfield code="2">qrmak</subfield>
    <subfield code="a">&#x627;&#x644;&#x639;&#x644;&#x627;&#x642;&#x627;&#x62A; &#x627;&#x644;&#x627;&#x646;&#x633;&#x627;&#x646;&#x64A;&#x629;</subfield>
  </datafield>
  <datafield tag="650" ind1="0" ind2="7">
    <subfield code="2">qrmak</subfield>
    <subfield code="a">&#x639;&#x644;&#x645; &#x627;&#x644;&#x646;&#x641;&#x633; &#x627;&#x644;&#x62A;&#x631;&#x628;&#x648;&#x649;</subfield>
  </datafield>
  <datafield tag="651" ind1=" " ind2=" ">
    <subfield code="2">qrmak</subfield>
  </datafield>
  <datafield tag="942" ind1=" " ind2=" ">
    <subfield code="2">ddc</subfield>
    <subfield code="c">BK</subfield>
  </datafield>
  <datafield tag="952" ind1=" " ind2=" ">
    <subfield code="0">0</subfield>
    <subfield code="1">0</subfield>
    <subfield code="4">0</subfield>
    <subfield code="7">0</subfield>
    <subfield code="a">CAI</subfield>
    <subfield code="b">CAI</subfield>
    <subfield code="c">MAIN-LIBRARY</subfield>
    <subfield code="d">2018-12-18</subfield>
    <subfield code="l">0</subfield>
    <subfield code="o">158.1 / &#x634; &#x625;</subfield>
    <subfield code="p">165333</subfield>
    <subfield code="r">2018-12-18 00:00:00</subfield>
    <subfield code="w">2018-12-18</subfield>
    <subfield code="y">BK</subfield>
  </datafield>
</record>
